[Event "Oberliga Sued W 1718"]
[Site "Germany"]
[Date "2017.10.22"]
[Round "3.6"]
[White "Keil, Andreas"]
[Black "Thoennes, Frank"]
[Result "1/2-1/2"]
[WhiteElo "2192"]
[BlackElo "2070"]
[PlyCount "93"]
[EventDate "2017.09.10"]
[EventType "team-tourn"]
[EventRounds "11"]
[EventCountry "GER"]
[SourceTitle "EXT 2019"]
[Source "ChessBase"]
[SourceDate "2018.10.10"]
[SourceVersion "1"]
[SourceVersionDate "2018.10.10"]
[SourceQuality "1"]
[WhiteTeam "Saarbruecken Gambit"]
[BlackTeam "Remagen"]
[WhiteTeamCountry "GER"]
[BlackTeamCountry "GER"]

1. c4 e5 2. Nc3 Nf6 3. g3 Bc5 4. Bg2 0-0 5. e3 Nc6 6. Nge2 d6 7. 0-0 Bf5 8. d4 exd4 9. exd4 Bb6 10. a3 a5 11. h3 h6 12. Be3 Re8 13. b3 Qd7 14. Kh2 Ba7 15. Qd2 Nd8 16. Rae1 c6 17. Nf4 Ne6 18. Nxe6 fxe6 19. d5 Bxe3 20. Rxe3 exd5 21. Rxe8+ Rxe8 22. cxd5 c5 23. a4 Qe7 24. Rd1 b6 25. Bf1 Qe5 26. Bd3 Bxd3 27. Qxd3 h5 28. Kg2 h4 29. g4 Qf4 30. Qf3 Qxf3+ 31. Kxf3 Re5 32. Nb5 Ne8 33. Rd3 Kf7 34. Re3 Kf6 35. Re4 g5 36. Ke3 Ke7 37. f4 Rxe4+ 38. Kxe4 Nf6+ 39. Kf5 gxf4 40. Kxf4 Nxd5+ 41. Kg5 Ne3 42. Kxh4 d5 43. Kg3 c4 44. bxc4 Nxc4 45. Kf4 Nb2 46. Ke5 Nxa4 47. Kxd5 1/2-1/2

[Event "Oberliga Sued W 1617"]
[Site "Germany"]
[Date "2017.03.19"]
[Round "8.7"]
[White "Bohn, Thomas"]
[Black "Keil, Andreas"]
[Result "1-0"]
[WhiteElo "2332"]
[BlackElo "2190"]
[PlyCount "55"]
[EventDate "2016.09.25"]
[EventType "team-tourn"]
[EventRounds "9"]
[EventCountry "GER"]
[SourceTitle "EXT 2018"]
[Source "ChessBase"]
[SourceDate "2017.10.13"]
[SourceVersion "1"]
[SourceVersionDate "2017.10.13"]
[SourceQuality "1"]
[WhiteTeam "Koblenz"]
[BlackTeam "Saarbruecken Gambit"]
[WhiteTeamCountry "GER"]
[BlackTeamCountry "GER"]

1. f4 d5 2. Nf3 Nf6 3. e3 g6 4. Be2 Bg7 5. 0-0 0-0 6. d3 c5 7. a4 Bg4 8. Qe1 Bxf3 9. Bxf3 Nbd7 10. e4 dxe4 11. dxe4 e5 12. Nc3 Qe7 13. f5 gxf5 14. exf5 Rab8 15. Qh4 Qd6 16. Rd1 Qb6 17. a5 Qb4 18. Qg3 c4 19. Rxd7 Kh8 20. Rd1 Rbd8 21. Rxd8 Rxd8 22. Ra4 Qc5+ 23. Qf2 Qc8 24. Be2 Qc7 25. h3 e4 26. Qf4 Qc6 27. Rxc4 Qe8 28. Be3 1-0

[Event "Oberliga Sued W 1516"]
[Site "Germany"]
[Date "2016.02.21"]
[Round "7.6"]
[White "Keil, Andreas"]
[Black "Busche, Stefan"]
[Result "1/2-1/2"]
[WhiteElo "1861"]
[BlackElo "2117"]
[PlyCount "117"]
[EventDate "2015.09.20"]
[EventType "team-tourn"]
[EventRounds "9"]
[EventCountry "GER"]
[SourceTitle "EXT 2017"]
[Source "ChessBase"]
[SourceDate "2016.10.25"]
[SourceVersion "1"]
[SourceVersionDate "2016.10.25"]
[SourceQuality "1"]
[WhiteTeam "Saarbruecken Gambit"]
[BlackTeam "Saarbruecken SVG"]
[WhiteTeamCountry "GER"]
[BlackTeamCountry "GER"]

1. c4 Nf6 2. Nc3 e5 3. g3 Bb4 4. Qc2 Nc6 5. Nf3 0-0 6. Bg2 Re8 7. d3 e4 8. dxe4 Nxe4 9. Bd2 Bxc3 10. Bxc3 d6 11. e3 h6 12. 0-0 Bf5 13. Qb3 Nc5 14. Qd1 Qd7 15. Nd4 Bh3 16. b3 Bxg2 17. Kxg2 Ne4 18. Bb2 Ne5 19. Ne2 Qf5 20. Bxe5 dxe5 21. Qb1 Qh7 22. f3 Nc5 23. Qxh7+ Kxh7 24. Rfd1 Rad8 25. Nc3 c6 26. Kf2 Kg8 27. Ke2 Kf8 28. b4 Ne6 29. Ne4 Ke7 30. c5 Rxd1 31. Rxd1 Rd8 32. Rxd8 Nxd8 33. Kd3 Ke6 34. Nd6 b6 35. cxb6 axb6 36. Nc4 b5 37. Nd2 Kd5 38. e4+ Kd6 39. Nb3 Ne6 40. a3 f6 41. Nd2 Nf8 42. Nf1 h5 43. Ne3 g6 44. h4 Ne6 45. g4 Nf4+ 46. Kd2 Ke6 47. gxh5 Nxh5 48. Ng2 Kd6 49. Ke3 c5 50. bxc5+ Kxc5 51. Kd3 Ng7 52. f4 Nh5 53. fxe5 fxe5 54. Ne1 Nf4+ 55. Kc3 Ne2+ 56. Kd3 Nf4+ 57. Kc3 Ne2+ 58. Kd3 Nd4 59. Kc3 1/2-1/2

[Event "Oberliga Sued W 1516"]
[Site "Germany"]
[Date "2016.01.31"]
[Round "6.5"]
[White "Keil, Andreas"]
[Black "Biehler, Thomas"]
[Result "0-1"]
[WhiteElo "1861"]
[BlackElo "2236"]
[PlyCount "76"]
[EventDate "2015.09.20"]
[EventType "team-tourn"]
[EventRounds "9"]
[EventCountry "GER"]
[SourceTitle "EXT 2017"]
[Source "ChessBase"]
[SourceDate "2016.10.25"]
[SourceVersion "1"]
[SourceVersionDate "2016.10.25"]
[SourceQuality "1"]
[WhiteTeam "Saarbruecken Gambit"]
[BlackTeam "Illingen Turm"]
[WhiteTeamCountry "GER"]
[BlackTeamCountry "GER"]

1. c4 c5 2. Nc3 Nc6 3. g3 g6 4. Bg2 Bg7 5. e4 Nf6 6. Nge2 0-0 7. 0-0 Ne8 8. d3 Nc7 9. Be3 Ne6 10. Qd2 d6 11. Rab1 Ned4 12. f4 f5 13. a3 a5 14. a4 Be6 15. b3 Qd7 16. Nb5 Bf7 17. Nexd4 cxd4 18. Bf2 e5 19. fxe5 dxe5 20. Be1 Be6 21. Qg5 Bf6 22. Qc1 Qe7 23. Bd2 Nb4 24. Bxb4 axb4 25. Qe1 Bg5 26. Qe2 Be3+ 27. Kh1 Rf7 28. Bf3 Raf8 29. Qg2 Kh8 30. Be2 Qd7 31. Ra1 f4 32. g4 h5 33. h3 Rh7 34. g5 Bxh3 35. Qf3 Qg4 36. Rf2 Bxf2 37. Qxf2 Qxg5 38. Rg1 Qf6 0-1

[Event "Neckar op 1st"]
[Site "Deizisau"]
[Date "1997.??.??"]
[Round "4"]
[White "Keil, Andreas"]
[Black "Gheng, Josef"]
[Result "1/2-1/2"]
[WhiteElo "1935"]
[BlackElo "2295"]
[PlyCount "127"]
[EventDate "1997.??.??"]
[EventType "swiss"]
[EventRounds "9"]
[EventCountry "GER"]
[SourceTitle "EXT 1999"]
[Source "ChessBase"]
[SourceDate "1998.11.16"]
[SourceVersion "1"]
[SourceVersionDate "1998.11.16"]
[SourceQuality "1"]

1. c4 g6 2. Nc3 Bg7 3. d4 c5 4. e3 Nf6 5. Nf3 0-0 6. Be2 cxd4 7. exd4 d5 8. 0-0 Nc6 9. h3 dxc4 10. Bxc4 Na5 11. Be2 Be6 12. Ne5 Rc8 13. Be3 Nd5 14. Nxd5 Bxd5 15. Qd2 f6 16. Nf3 Nc4 17. Bxc4 Rxc4 18. b3 Rc6 19. Qe2 Qd7 20. Rfc1 Rd8 21. Rxc6 Bxc6 22. Rd1 Bb5 23. Qd2 Qd5 24. Rc1 Bc6 25. Qe2 e6 26. Qf1 Bf8 27. Qc4 Ba3 28. Qxd5 Bxd5 29. Rc2 Bxf3 30. gxf3 Rd7 31. Kf1 Kg7 32. Ke2 g5 33. f4 gxf4 34. Bxf4 Kg6 35. Rc7 Rxc7 36. Bxc7 Kf5 37. Kd3 Bc1 38. Bb8 a6 39. Bh2 h5 40. Bg3 Bf4 41. Bh4 b5 42. f3 Bc7 43. Kc3 Bb6 44. Kd3 Kf4 45. Bxf6 Kxf3 46. Be7 Kg3 47. h4 Kf3 48. a4 Ba5 49. axb5 axb5 50. Bg5 Be1 51. Bf6 Bf2 52. Bg5 Kg4 53. Ke4 Bxh4 54. Bxh4 Kxh4 55. Ke5 Kg4 56. Kxe6 h4 57. d5 h3 58. d6 h2 59. d7 h1Q 60. d8Q Qe4+ 61. Kd6 Qd3+ 62. Kc7 Qxb3 63. Kb6 b4 64. Kb5 1/2-1/2